000 00987nam a2200229Ii 4500
003 JO-AjNU
008 230605s9999||||xx |||||||||||||| ||und||
017 _a1976/3142
040 _aJO-AjNU
_bara
_erda
_cJO-AjNU
041 _aara
050 1 4 _aBP173.754.S4 1976
100 3 _aشلبي، أحمد,
_eauthor
_913250
245 0 0 _aالنظم الإقتصادية في العالم عبر العصور وأثر الفكر الإسلامي فيها مع دراسة مفصلة عن خطر الشيوعية على الأديان والإنسان والدول
250 _aط1
264 3 1 _aالقاهرة: مكتبة النهضة المصرية، 1976
300 _a227ص
336 _atext
_btxt
_2rdacontent
337 _aunmediated
_bn
_2rdamedia
338 _avolume
_bnc
_2rdacarrier
490 0 _aموسوعة النظم والحضارة الاسلامية8
650 4 _aالنظم الاقتصادية- الاقتصاد الاسلامي- الاسلام والشيوعية
_913251
999 _aA3250
_c6818
_d6818